[Event "CAN-op"]
[Site "Edmonton CAN"]
[Date "2005.07.12"]
[Round "5"]
[White "Boron, Anthony"]
[Black "Gardner, Robert"]
[Result "0-1"]
[WhiteElo "1966"]
[BlackElo "2221"]
[PlyCount "54"]
[GameId "2160767910901681"]
[EventDate "2005.07.09"]
[EventType "swiss"]
[EventRounds "10"]
[EventCountry "CAN"]
[SourceTitle "CBM 107 Extra"]
[Source "ChessBase"]
[SourceDate "2005.09.01"]
[SourceVersion "1"]
[SourceVersionDate "2005.09.01"]
[SourceQuality "1"]

1. e4 d6 2. d4 Nf6 3. Nc3 g6 4. Be3 c6 5. Bd3 b5 6. Qd2 Nbd7 7. Nf3 Qc7 8. O-O-O b4 9. Ne2 a5 10. h3 c5 11. dxc5 Nxc5 12. Bxc5 Qxc5 13. e5 Nd7 14. exd6 Qxd6 15. Kb1 Bg7 16. Bb5 Qxd2 17. Rxd2 e5 18. Rhd1 Ra7 19. Rd5 f6 20. Ng3 Ke7 21. Ne4 Nf8 22. Nc5 Ne6 23. Ne4 Nf4 24. Rc5 Nxg2 25. c3 Bxh3 26. cxb4 Bf5 27. Nfd2 Rd8 0-1

[Event "CAN-op"]
[Site "Edmonton CAN"]
[Date "2005.07.12"]
[Round "5"]
[White "Bowles, Charles"]
[Black "Belleau, David"]
[Result "0-1"]
[WhiteElo "1625"]
[BlackElo "1911"]
[PlyCount "114"]
[GameId "2160767910901682"]
[EventDate "2005.07.09"]
[EventType "swiss"]
[EventRounds "10"]
[EventCountry "CAN"]
[SourceTitle "CBM 107 Extra"]
[Source "ChessBase"]
[SourceDate "2005.09.01"]
[SourceVersion "1"]
[SourceVersionDate "2005.09.01"]
[SourceQuality "1"]

1. e4 c5 2. Nf3 d6 3. d4 cxd4 4. Nxd4 Nf6 5. Nc3 a6 6. a4 b6 7. Bc4 e6 8. Bb3 Bb7 9. f3 d5 10. exd5 Nxd5 11. Nxd5 Bxd5 12. Bxd5 Qxd5 13. Be3 Bd6 14. Qd2 O-O 15. Rd1 Bc7 16. O-O Qb7 17. c4 Nc6 18. Qc3 Rac8 19. f4 Ne7 20. Bc1 Rfd8 21. b3 e5 22. Qf3 e4 23. Qg4 b5 24. Kh1 bxc4 25. bxc4 Qb6 26. Be3 Qg6 27. Qh3 f5 28. Rg1 h5 29. Qh4 Qf7 30. c5 Nd5 31. Nc6 Re8 32. Rxd5 Qxd5 33. Ne7+ Rxe7 34. Qxe7 Qf7 35. Qh4 Bd8 36. Qf2 Qc4 37. Bd4 Qxa4 38. Ra1 Qc4 39. Qb2 Rc7 40. Rc1 Qd5 41. h3 Kh7 42. Qe2 Be7 43. Rd1 Rd7 44. Qxh5+ Kg8 45. Qe8+ Bf8 46. Kh2 Rd8 47. Qg6 Qf7 48. Qb6 Qe8 49. c6 Rc8 50. c7 Qd7 51. Qb3+ Qf7 52. Qxf7+ Kxf7 53. Be5 Be7 54. g4 g6 55. g5 Ke6 56. Rd8 Bxd8 57. cxd8=Q Rxd8 0-1

[Event "CAN-op"]
[Site "Edmonton CAN"]
[Date "2005.07.12"]
[Round "5"]
[White "Campbell, Brett"]
[Black "Daniluk, Jim"]
[Result "1-0"]
[WhiteElo "2250"]
[BlackElo "1969"]
[PlyCount "77"]
[GameId "2160767738377111"]
[EventDate "2005.07.09"]
[EventType "swiss"]
[EventRounds "10"]
[EventCountry "CAN"]
[SourceTitle "CBM 107 Extra"]
[Source "ChessBase"]
[SourceDate "2005.09.01"]
[SourceVersion "1"]
[SourceVersionDate "2005.09.01"]
[SourceQuality "1"]

1. Nf3 Nf6 2. g3 g6 3. Bg2 Bg7 4. O-O O-O 5. c4 c6 6. d4 d5 7. Nbd2 Na6 8. b3 Be6 9. Bb2 h6 10. Ne5 Ng4 11. Nxg4 Bxg4 12. h3 Be6 13. Rc1 Qd7 14. Kh2 Rfd8 15. e3 Nb4 16. Ba3 a5 17. Bxb4 axb4 18. Qc2 Bf5 19. Qb2 Ra6 20. cxd5 cxd5 21. Rc5 Be6 22. Rfc1 Rda8 23. R1c2 b6 24. Rc7 Rxa2 25. Qb1 Rxc2 26. Qxc2 Ra2 27. Qc1 Qb5 28. Bf1 Qa5 29. Qe1 Qa3 30. Nf3 Qxb3 31. Rb7 Qc2 32. Rxb6 Qxf2+ 33. Qxf2 Rxf2+ 34. Bg2 Rb2 35. Kg1 b3 36. Ne1 Rb1 37. Kf2 Bf5 38. Bxd5 b2 39. e4 {time} 1-0

[Event "CAN-op"]
[Site "Edmonton CAN"]
[Date "2005.07.12"]
[Round "5"]
[White "Cashin, Ken"]
[Black "MacFarlane, Donald"]
[Result "1-0"]
[WhiteElo "1761"]
[BlackElo "1479"]
[PlyCount "63"]
[GameId "2160767910901683"]
[EventDate "2005.07.09"]
[EventType "swiss"]
[EventRounds "10"]
[EventCountry "CAN"]
[SourceTitle "CBM 107 Extra"]
[Source "ChessBase"]
[SourceDate "2005.09.01"]
[SourceVersion "1"]
[SourceVersionDate "2005.09.01"]
[SourceQuality "1"]

1. e4 e5 2. Nf3 Nf6 3. Nxe5 d6 4. Nf3 Nxe4 5. d4 d5 6. Bd3 Bd6 7. O-O O-O 8. c4 c6 9. Nc3 Re8 10. Qb3 Nxc3 11. bxc3 b6 12. h3 Na6 13. cxd5 cxd5 14. Bb2 Nc7 15. Rfe1 Be6 16. Qc2 g6 17. Rad1 Qf6 18. Ne5 Bc8 19. c4 Ba6 20. Re2 Ne6 21. c5 Bxd3 22. Nxd3 Bc7 23. Rde1 Rec8 24. Ne5 Nf4 25. Re3 h5 26. Qa4 h4 27. Qd7 bxc5 28. dxc5 Bxe5 29. Bxe5 Qg5 30. Bxf4 Qxf4 31. Rf3 Qc7 32. Re8+ 1-0

[Event "CAN-op"]
[Site "Edmonton CAN"]
[Date "2005.07.12"]
[Round "5"]
[White "Chan, Michael2"]
[Black "Zaczek, Jonathon"]
[Result "1/2-1/2"]
[WhiteElo "1700"]
[BlackElo "2017"]
[PlyCount "62"]
[GameId "2160767910901684"]
[EventDate "2005.07.09"]
[EventType "swiss"]
[EventRounds "10"]
[EventCountry "CAN"]
[SourceTitle "CBM 107 Extra"]
[Source "ChessBase"]
[SourceDate "2005.09.01"]
[SourceVersion "1"]
[SourceVersionDate "2005.09.01"]
[SourceQuality "1"]

1. d4 b6 2. Nf3 Bb7 3. Bf4 Nf6 4. e3 e6 5. Nbd2 Be7 6. h3 O-O 7. Bd3 d5 8. c3 c5 9. Qc2 Nc6 10. Ne5 Rc8 11. Ndf3 cxd4 12. Nxc6 Bxc6 13. exd4 Bb7 14. Ne5 Ne4 15. O-O f6 16. Ng4 h5 17. Ne3 Bd6 18. Bxd6 Qxd6 19. f4 f5 20. Bxe4 dxe4 21. Qe2 g6 22. Nc4 Rxc4 23. Qxc4 Rc8 24. Qb5 Bd5 25. Qa6 Rc7 26. Qa4 Bc4 27. Rf2 b5 28. Qd1 e3 29. Rf3 Bd5 30. Rf1 Bc4 31. Rf3 Bd5 1/2-1/2

[Event "CAN-op"]
[Site "Edmonton CAN"]
[Date "2005.07.12"]
[Round "5"]
[White "Chi, Jonathan"]
[Black "Klein, Gernot"]
[Result "1-0"]
[WhiteElo "1744"]
[BlackElo "2023"]
[PlyCount "69"]
[GameId "2160767910901686"]
[EventDate "2005.07.09"]
[EventType "swiss"]
[EventRounds "10"]
[EventCountry "CAN"]
[SourceTitle "CBM 107 Extra"]
[Source "ChessBase"]
[SourceDate "2005.09.01"]
[SourceVersion "1"]
[SourceVersionDate "2005.09.01"]
[SourceQuality "1"]

1. d4 d5 2. c4 e6 3. Nc3 c6 4. cxd5 exd5 5. Qc2 Bd6 6. e3 Nf6 7. Bd3 O-O 8. Nge2 b6 9. Bd2 Na6 10. a3 Bb7 11. Rc1 Nc7 12. Na2 Re8 13. Bb4 Ne6 14. Bxd6 Qxd6 15. Bf5 g6 16. Bxe6 Qxe6 17. Nf4 Qd6 18. Nd3 Rac8 19. b4 Ne4 20. f3 Ng5 21. Kf2 Ne6 22. Qa4 Qe7 23. Rc3 Nxd4 24. exd4 Qe2+ 25. Kg3 Qxa2 26. Qxa7 Qd2 27. Rhc1 Re2 28. Nf4 Re7 29. Qxb6 Rce8 30. R3c2 Qe3 31. Re2 Qxc1 32. Rxe7 Rxe7 33. Qd8+ Kg7 34. Qxe7 Ba6 35. Ne6+ 1-0

[Event "CAN-op"]
[Site "Edmonton CAN"]
[Date "2005.07.12"]
[Round "5"]
[White "Gauer, Kai"]
[Black "Ross, Malcolm"]
[Result "1/2-1/2"]
[WhiteElo "1132"]
[BlackElo "1251"]
[PlyCount "123"]
[GameId "2160767910901687"]
[EventDate "2005.07.09"]
[EventType "swiss"]
[EventRounds "10"]
[EventCountry "CAN"]
[SourceTitle "CBM 107 Extra"]
[Source "ChessBase"]
[SourceDate "2005.09.01"]
[SourceVersion "1"]
[SourceVersionDate "2005.09.01"]
[SourceQuality "1"]

1. e4 e5 2. Nf3 Nc6 3. Bb5 f5 4. d3 Nf6 5. Qe2 fxe4 6. Bxc6 exf3 7. Qxe5+ Qe7 8. Qxe7+ Bxe7 9. Bxf3 O-O 10. Nc3 Bb4 11. Bd2 Re8+ 12. Ne2 Bxd2+ 13. Kxd2 c6 14. Rhe1 d5 15. Ng3 Bd7 16. Rxe8+ Rxe8 17. Nh5 Ng4 18. Bxg4 Bxg4 19. Ng3 g6 20. f3 Bd7 21. Re1 Rf8 22. Re7 Bc8 23. b4 h5 24. Ne2 a6 25. a4 b5 26. a5 Rf7 27. Rxf7 Kxf7 28. Ke3 Kf6 29. Nd4 Bd7 30. f4 h4 31. g3 hxg3 32. hxg3 g5 33. fxg5+ Kxg5 34. Kf3 Bg4+ 35. Kf2 Bd7 36. Nf3+ Kf5 37. Ke3 Be8 38. d4 Kg4 39. Kf2 Kf5 40. Ne5 Ke4 41. c3 Kf5 42. Kf3 Kg5 43. Nd3 Bd7 44. Nc5 Bc8 45. Nd3 Be6 46. Nf4 Bf5 47. Ne2 Be4+ 48. Ke3 Kg4 49. Nf4 Kxg3 50. Ne6 Bf5 51. Nc7 Bc8 52. Na8 Kg4 53. Nb6 Bb7 54. Kf2 Kf4 55. Ke2 Ke4 56. Nd7 Bc8 57. Nc5+ Kf4 58. Nd3+ Ke4 59. Nf2+ Kf4 60. Nd3+ Ke4 61. Nf2+ Kf4 62. Nd3+ 1/2-1/2

[Event "CAN-op"]
[Site "Edmonton CAN"]
[Date "2005.07.12"]
[Round "5"]
[White "Gentes, Kevin"]
[Black "Yam, Alex"]
[Result "1-0"]
[WhiteElo "2331"]
[BlackElo "2048"]
[PlyCount "110"]
[GameId "2160767910901688"]
[EventDate "2005.07.09"]
[EventType "swiss"]
[EventRounds "10"]
[EventCountry "CAN"]
[SourceTitle "CBM 107 Extra"]
[Source "ChessBase"]
[SourceDate "2005.09.01"]
[SourceVersion "1"]
[SourceVersionDate "2005.09.01"]
[SourceQuality "1"]

1. e4 e6 2. d4 d5 3. Nc3 Be7 4. Nf3 Nf6 5. Bd3 dxe4 6. Nxe4 Nxe4 7. Bxe4 Nd7 8. O-O O-O 9. Re1 Nf6 10. Bd3 b6 11. Ne5 Bb7 12. c4 c5 13. Be3 Qd6 14. Qc2 cxd4 15. Bf4 Qd8 16. Rad1 Rc8 17. h3 Kh8 18. Qe2 Qe8 19. Bb1 Rg8 20. Rxd4 g5 21. Bg3 Rg7 22. Red1 Bc5 23. R4d2 Bb4 24. Rd4 Bc5 25. R4d2 Bb4 26. Nd7 Nxd7 27. Rxd7 f6 28. Rxg7 Kxg7 29. Qd3 Qh5 30. Qd7+ Kf8 31. f3 Bc5+ 32. Kh2 Ba6 33. Qxe6 Qf7 34. Qxf7+ Kxf7 35. Rd7+ Ke6 36. Rxa7 Bxc4 37. Rxh7 Bd4 38. b3 Bxb3 39. axb3 Rc1 40. h4 gxh4 41. Rxh4 Bg1+ 42. Kh3 Rxb1 43. Re4+ Kf7 44. Re1 Rxe1 45. Bxe1 Kg6 46. Kg3 f5 47. f4 Kf6 48. Bf2 Bxf2+ 49. Kxf2 Ke6 50. Kf3 Kf6 51. g4 fxg4+ 52. Kxg4 Kg6 53. f5+ Kg7 54. Kf4 Kf6 55. Ke4 b5 1-0

[Event "CAN-op"]
[Site "Edmonton CAN"]
[Date "2005.07.12"]
[Round "5"]
[White "Gillanders, Robert"]
[Black "Olson, Hans"]
[Result "1-0"]
[WhiteElo "1765"]
[BlackElo "2002"]
[PlyCount "147"]
[GameId "2160767910901689"]
[EventDate "2005.07.09"]
[EventType "swiss"]
[EventRounds "10"]
[EventCountry "CAN"]
[SourceTitle "CBM 107 Extra"]
[Source "ChessBase"]
[SourceDate "2005.09.01"]
[SourceVersion "1"]
[SourceVersionDate "2005.09.01"]
[SourceQuality "1"]

1. d4 Nf6 2. c4 c5 3. d5 e6 4. Nc3 exd5 5. cxd5 d6 6. e4 g6 7. Nf3 Bg7 8. Bd3 O-O 9. h3 Na6 10. O-O Nc7 11. Re1 a6 12. a4 Rb8 13. Bg5 h6 14. Bh4 g5 15. Nxg5 hxg5 16. Bxg5 Re8 17. f4 Qd7 18. Qf3 Nh7 19. Bh4 f6 20. Bf2 b5 21. axb5 axb5 22. Ra7 c4 23. Bc2 b4 24. Ba4 Qd8 25. Ne2 Nb5 26. Bxb5 Rxb5 27. Nd4 Rb7 28. Nc6 Qc7 29. Ra8 Bd7 30. Ne7+ Kf7 31. Rxe8 Bxe8 32. Nf5 Kg8 33. Ra1 Bg6 34. Ra8+ Nf8 35. Nd4 Rb8 36. Ra6 Qd7 37. Rc6 Rc8 38. Rxc8 Qxc8 39. Nc6 Qb7 40. Be1 b3 41. Bc3 Be8 42. Nd4 Qd7 43. f5 Qf7 44. Qe2 Qc7 45. g4 Bh6 46. Qf2 Bf7 47. Kg2 Nd7 48. Ne6 Qb7 49. Nd8 Qa8 50. Nc6 Bg7 51. Qd4 Qa6 52. h4 Ne5 53. Nxe5 dxe5 54. Qe3 Qd6 55. g5 fxg5 56. hxg5 Kf8 57. Qf3 Ke7 58. f6+ Bxf6 59. gxf6+ Ke8 60. Qf5 Bxd5 61. exd5 Qxd5+ 62. Qf3 e4 63. f7+ Kd7 64. Qg4+ Ke7 65. Qf4 e3+ 66. Kg3 Qxf7 67. Qxf7+ Kxf7 68. Kf3 Ke6 69. Ke4 e2 70. Kd4 Kd6 71. Kxc4 Kc6 72. Kxb3 Kb5 73. Kc2 Kc4 74. Kd2 1-0

[Event "CAN-op"]
[Site "Edmonton CAN"]
[Date "2005.07.12"]
[Round "5"]
[White "Graves, Charles"]
[Black "Pechenkin, Vladimir"]
[Result "1/2-1/2"]
[WhiteElo "2000"]
[BlackElo "2263"]
[PlyCount "122"]
[GameId "2160767910901690"]
[EventDate "2005.07.09"]
[EventType "swiss"]
[EventRounds "10"]
[EventCountry "CAN"]
[SourceTitle "CBM 107 Extra"]
[Source "ChessBase"]
[SourceDate "2005.09.01"]
[SourceVersion "1"]
[SourceVersionDate "2005.09.01"]
[SourceQuality "1"]

1. f4 d5 2. b3 Nf6 3. e3 g6 4. Bb2 Bg7 5. Nf3 O-O 6. Be2 b6 7. O-O Bb7 8. Ne5 e6 9. d3 c5 10. Nd2 Qc7 11. Ndf3 Nfd7 12. Qd2 f6 13. Nxd7 Nxd7 14. Rae1 e5 15. fxe5 Nxe5 16. Nxe5 fxe5 17. e4 d4 18. a4 Qe7 19. Bc1 Bf6 20. Qh6 Bc8 21. Rf2 Bd7 22. Ref1 Bg7 23. Rxf8+ Rxf8 24. Rxf8+ Bxf8 25. Qg5 Qxg5 26. Bxg5 Kf7 27. Kf2 Be7 28. Bd2 Bh4+ 29. g3 Bd8 30. Kg2 a5 31. Bf3 b5 32. axb5 Bxb5 33. Be2 a4 34. bxa4 Bxa4 35. c4 dxc3 36. Bxc3 Ke6 37. Kf2 Bg5 38. Kf3 Bc1 39. Kg4 Be3 40. Kf3 Bd4 41. Bxd4 exd4 42. Kf4 h6 43. h4 g5+ 44. hxg5 hxg5+ 45. Kxg5 Ke5 46. g4 Bc2 47. Kh6 Kf4 48. g5 Ke3 49. Bf1 Kf2 50. Bh3 Bxd3 51. e5 c4 52. e6 c3 53. e7 Bb5 54. Bf5 Ke2 55. g6 d3 56. Bxd3+ Kxd3 57. g7 c2 58. g8=Q c1=Q+ 59. Kg7 Qg5+ 60. Kf8 Qh6+ 61. Qg7 Qxg7+ 1/2-1/2

[Event "CAN-op"]
[Site "Edmonton CAN"]
[Date "2005.07.12"]
[Round "5"]
[White "Grumic, Sasha"]
[Black "Goodman, Kevin"]
[Result "1-0"]
[WhiteElo "2087"]
[BlackElo "1740"]
[PlyCount "67"]
[GameId "2160767910901691"]
[EventDate "2005.07.09"]
[EventType "swiss"]
[EventRounds "10"]
[EventCountry "CAN"]
[SourceTitle "CBM 107 Extra"]
[Source "ChessBase"]
[SourceDate "2005.09.01"]
[SourceVersion "1"]
[SourceVersionDate "2005.09.01"]
[SourceQuality "1"]

1. e4 c6 2. d3 d5 3. Nd2 Nd7 4. g3 dxe4 5. Nxe4 Ngf6 6. Bg2 Nxe4 7. dxe4 e5 8. Nf3 Bc5 9. O-O O-O 10. Qe2 Qb6 11. Rb1 a5 12. c3 a4 13. b4 axb3 14. axb3 Qa6 15. Qc2 Re8 16. Bb2 b5 17. b4 Bf8 18. Ra1 Qb7 19. Rxa8 Qxa8 20. Ra1 Qb7 21. Bc1 Nb6 22. Nd2 Be6 23. Bf1 Rc8 24. Nb3 Bxb3 25. Qxb3 Ra8 26. Ra5 Rd8 27. Be3 h6 28. Be2 Rd7 29. Qa2 Na4 30. Ra7 Qc8 31. Bg4 Nxc3 32. Bxd7 Qxd7 33. Rxd7 Nxa2 34. Rd8 1-0

[Event "CAN-op"]
[Site "Edmonton CAN"]
[Date "2005.07.12"]
[Round "5"]
[White "Haessel, Dale"]
[Black "Gonzalez, Ivan1"]
[Result "1-0"]
[WhiteElo "2230"]
[BlackElo "1839"]
[PlyCount "64"]
[GameId "2160767910901692"]
[EventDate "2005.07.09"]
[EventType "swiss"]
[EventRounds "10"]
[EventCountry "CAN"]
[SourceTitle "CBM 107 Extra"]
[Source "ChessBase"]
[SourceDate "2005.09.01"]
[SourceVersion "1"]
[SourceVersionDate "2005.09.01"]
[SourceQuality "1"]

1. c4 Nf6 2. g3 g6 3. Bg2 Bg7 4. Nc3 c5 5. a3 a5 6. Nf3 Nc6 7. O-O O-O 8. Rb1 d6 9. Ne1 Bd7 10. Nc2 Qc8 11. b4 Bh3 12. bxc5 Bxg2 13. Kxg2 dxc5 14. d3 h6 15. Be3 Nd8 16. f3 Qc6 17. Rb5 Nd7 18. Qd2 g5 19. Nd5 Re8 20. Rfb1 e6 21. Nb6 Nxb6 22. Rxb6 Qc7 23. R6b5 Bf8 24. a4 e5 25. Bf2 Re6 26. Ne3 b6 27. Nd5 Qa7 28. Rxb6 Rxb6 29. Rxb6 Ne6 30. Qb2 Bg7 31. Rb7 Qa6 32. Ne7+ Kf8 1-0

[Event "CAN-op"]
[Site "Edmonton CAN"]
[Date "2005.07.12"]
[Round "5"]
[White "Hendon, Lee"]
[Black "Haley, Phil"]
[Result "0-1"]
[WhiteElo "1544"]
[BlackElo "1772"]
[PlyCount "52"]
[GameId "2160767910901694"]
[EventDate "2005.07.09"]
[EventType "swiss"]
[EventRounds "10"]
[EventCountry "CAN"]
[SourceTitle "CBM 107 Extra"]
[Source "ChessBase"]
[SourceDate "2005.09.01"]
[SourceVersion "1"]
[SourceVersionDate "2005.09.01"]
[SourceQuality "1"]

1. e4 d6 2. d4 Nf6 3. Nc3 c6 4. f4 Qa5 5. Bd3 e5 6. Nf3 Bg4 7. Be3 exf4 8. Bxf4 Be7 9. O-O h6 10. h3 Bh5 11. Qd2 Qd8 12. Rae1 O-O 13. Ne2 d5 14. exd5 Nxd5 15. Be5 Bxf3 16. Rxf3 Bg5 17. Rg3 f6 18. Bf4 Nxf4 19. Nxf4 Qxd4+ 20. Kh1 Qxf4 21. Qc3 Kh8 22. Rg4 Qd2 23. Qxd2 Bxd2 24. Re7 g5 25. Rh7+ Kg8 26. Re4 Kxh7 0-1

[Event "CAN-op"]
[Site "Edmonton CAN"]
[Date "2005.07.12"]
[Round "5"]
[White "Henry, Liam"]
[Black "Reeve, Jeff"]
[Result "0-1"]
[WhiteElo "2062"]
[BlackElo "2364"]
[PlyCount "66"]
[GameId "2160767910901695"]
[EventDate "2005.07.09"]
[EventType "swiss"]
[EventRounds "10"]
[EventCountry "CAN"]
[SourceTitle "CBM 107 Extra"]
[Source "ChessBase"]
[SourceDate "2005.09.01"]
[SourceVersion "1"]
[SourceVersionDate "2005.09.01"]
[SourceQuality "1"]

1. e4 c5 2. Nf3 Nc6 3. Nc3 e6 4. d4 cxd4 5. Nxd4 Qc7 6. Be3 a6 7. Qd2 Nf6 8. f3 Bb4 9. O-O-O O-O 10. a3 Be7 11. g4 d6 12. g5 Nd7 13. f4 Nxd4 14. Bxd4 Re8 15. h4 b5 16. Rg1 Bb7 17. f5 Ne5 18. Be2 Rac8 19. f6 Bf8 20. g6 fxg6 21. h5 gxf6 22. hxg6 Bg7 23. gxh7+ Kh8 24. Bxb5 axb5 25. Nxb5 Bh6 26. Rg8+ Rxg8 27. hxg8=Q+ Kxg8 28. Rg1+ Kh7 29. Qxh6+ Kxh6 30. Nxc7 Rxc7 31. Bxe5 dxe5 32. Kd2 Bxe4 33. c3 Rg7 0-1

[Event "CAN-op"]
[Site "Edmonton CAN"]
[Date "2005.07.12"]
[Round "5"]
[White "Henson, Joshua"]
[Black "Davies, Noam"]
[Result "1-0"]
[WhiteElo "2221"]
[BlackElo "2008"]
[PlyCount "55"]
[GameId "2160767910901696"]
[EventDate "2005.07.09"]
[EventType "swiss"]
[EventRounds "10"]
[EventCountry "CAN"]
[SourceTitle "CBM 107 Extra"]
[Source "ChessBase"]
[SourceDate "2005.09.01"]
[SourceVersion "1"]
[SourceVersionDate "2005.09.01"]
[SourceQuality "1"]

1. e4 c5 2. Nf3 e6 3. d4 cxd4 4. Nxd4 a6 5. Bd3 Nf6 6. O-O Qc7 7. Qe2 d6 8. c4 b6 9. Nc3 Bb7 10. f4 Nbd7 11. Bd2 Be7 12. Rae1 Rd8 13. g4 h5 14. g5 Ng4 15. h3 Qc5 16. hxg4 e5 17. Na4 Qc7 18. Nf5 exf4 19. Bxf4 Bf8 20. gxh5 g6 21. Ng3 Ne5 22. Nc3 Qd7 23. Kg2 Bc8 24. Rh1 Qc6 25. Nd5 Be7 26. hxg6 Nxg6 27. Rxh8+ Nxh8 28. e5 1-0

[Event "CAN-op"]
[Site "Edmonton CAN"]
[Date "2005.07.12"]
[Round "5"]
[White "Hill, Roderick"]
[Black "Miller, Mike"]
[Result "1-0"]
[WhiteElo "1904"]
[BlackElo "1661"]
[PlyCount "48"]
[GameId "2160767910901697"]
[EventDate "2005.07.09"]
[EventType "swiss"]
[EventRounds "10"]
[EventCountry "CAN"]

1. e4 c6 2. Nc3 d5 3. Nf3 Bg4 4. h3 Bxf3 5. Qxf3 e6 6. d3 Nf6 7. Bd2 Nfd7 8. Qg3 g6 9. h4 d4 10. Ne2 c5 11. h5 e5 12. hxg6 fxg6 13. f4 Bg7 14. Rxh7 Qf6 15. Rxh8+ Bxh8 16. fxe5 Nxe5 17. Nf4 Nbc6 18. Nd5 Qd6 19. Be2 O-O-O 20. O-O-O b5 21. Bf4 Rf8 22. Rh1 Nb4 23. Nxb4 cxb4 24. Rxh8 Nxd3+ 1-0

[Event "CAN-op"]
[Site "Edmonton CAN"]
[Date "2005.07.12"]
[Round "5"]
[White "Huber, Gregory"]
[Black "Lane, Travis"]
[Result "1-0"]
[WhiteElo "2310"]
[BlackElo "2037"]
[PlyCount "95"]
[GameId "2160767910901698"]
[EventDate "2005.07.09"]
[EventType "swiss"]
[EventRounds "10"]
[EventCountry "CAN"]
[SourceTitle "CBM 107 Extra"]
[Source "ChessBase"]
[SourceDate "2005.09.01"]
[SourceVersion "1"]
[SourceVersionDate "2005.09.01"]
[SourceQuality "1"]

1. e4 c5 2. Nf3 Nc6 3. Nc3 Nf6 4. Bc4 d6 5. d4 cxd4 6. Nxd4 Bd7 7. Bb3 Rc8 8. O-O a6 9. Kh1 Na5 10. f4 Nxb3 11. axb3 Rxc3 12. bxc3 Nxe4 13. f5 g6 14. Qf3 Nf6 15. Qxb7 Bc8 16. Qa7 Qd7 17. Qxd7+ Kxd7 18. Bb2 Bb7 19. c4 Rg8 20. Rae1 gxf5 21. Re2 Nh5 22. Rxf5 Nf6 23. Rf1 h5 24. Nf5 Ne4 25. Rf4 Ng5 26. Ng3 e5 27. Rh4 Ne6 28. Nxh5 Be7 29. Rh3 f5 30. c5 Nxc5 31. Kg1 f4 32. Kf1 Ne6 33. Rd3 e4 34. Rd1 Rg5 35. Nf6+ Bxf6 36. Bxf6 Rf5 37. Bb2 e3 38. Ba3 d5 39. Kg1 d4 40. Bb2 f3 41. Rxe3 f2+ 42. Kf1 Bxg2+ 43. Kxg2 f1=Q+ 44. Rxf1 Rxf1 45. Kxf1 dxe3 46. Ke2 Kd6 47. Kxe3 Kd5 48. h4 1-0

[Event "CAN-op"]
[Site "Edmonton CAN"]
[Date "2005.07.12"]
[Round "5"]
[White "Karmali, Hafiz"]
[Black "Tegzes, Laszlo"]
[Result "0-1"]
[WhiteElo "1867"]
[BlackElo "2109"]
[PlyCount "100"]
[GameId "2160767910901700"]
[EventDate "2005.07.09"]
[EventType "swiss"]
[EventRounds "10"]
[EventCountry "CAN"]
[SourceTitle "CBM 107 Extra"]
[Source "ChessBase"]
[SourceDate "2005.09.01"]
[SourceVersion "1"]
[SourceVersionDate "2005.09.01"]
[SourceQuality "1"]

1. d4 Nf6 2. c4 g6 3. Nc3 Bg7 4. e4 d6 5. f4 O-O 6. Nf3 c5 7. d5 e6 8. Be2 exd5 9. exd5 Re8 10. O-O a6 11. a4 b6 12. Bd3 Bg4 13. h3 Bd7 14. Bd2 Qc8 15. Kh2 Bf5 16. Qc2 Bxd3 17. Qxd3 Ra7 18. Rae1 Rae7 19. b3 Nbd7 20. g4 h6 21. g5 hxg5 22. Nxg5 Qd8 23. f5 Rxe1 24. Rxe1 Rxe1 25. Bxe1 Ne5 26. Qg3 Nh5 27. Nxf7 Kxf7 28. fxg6+ Kg8 29. Qe3 Qf6 30. Kg2 Qxg6+ 31. Kh1 Bh6 32. Qe4 Ng3+ 33. Bxg3 Qxg3 34. Qg2 Qxg2+ 35. Kxg2 Nd3 36. Ne4 Bf4 37. Nf6+ Kf7 38. Nd7 Nc1 39. Nxb6 Nxb3 40. Kf3 Be5 41. Ke3 Ke8 42. Nc8 Kd7 43. Na7 Na5 44. Kd3 Kc7 45. h4 Kb7 46. Nc6 Nxc6 47. dxc6+ Kxc6 48. a5 d5 49. h5 Bg7 50. cxd5+ Kxd5 0-1

[Event "CAN-op"]
[Site "Edmonton CAN"]
[Date "2005.07.12"]
[Round "5"]
[White "Kunte, Abhijit"]
[Black "Mulyar, Michael"]
[Result "1/2-1/2"]
[WhiteElo "2601"]
[BlackElo "2422"]
[PlyCount "145"]
[GameId "2160767910901702"]
[EventDate "2005.07.09"]
[EventType "swiss"]
[EventRounds "10"]
[EventCountry "CAN"]
[SourceTitle "CBM 107 Extra"]
[Source "ChessBase"]
[SourceDate "2005.09.01"]
[SourceVersion "1"]
[SourceVersionDate "2005.09.01"]
[SourceQuality "1"]

1. d4 d5 2. c4 c6 3. Nf3 Nf6 4. Qb3 e6 5. Bg5 Be7 6. e3 O-O 7. Nc3 a6 8. Bd3 dxc4 9. Bxc4 b5 10. Be2 Nbd7 11. Bxf6 Bxf6 12. a4 Rb8 13. axb5 cxb5 14. O-O Bb7 15. Rfd1 Qe7 16. Nd2 Nb6 17. Bf3 Bxf3 18. Nxf3 Qb7 19. Qc2 Rfc8 20. Qe4 Nc4 21. Qxb7 Rxb7 22. Ne4 Nxb2 23. Rdb1 Nc4 24. Rxa6 Be7 25. Nc5 Rbb8 26. Nd7 Ra8 27. Rxa8 Rxa8 28. Kf1 b4 29. Nc5 Rb8 30. Nb3 f6 31. Ke2 Kf7 32. Kd3 Na3 33. Rc1 Rd8 34. Rc7 Nb5 35. Rb7 Nc3 36. Nfd2 e5 37. Na5 Rc8 38. Ndc4 e4+ 39. Kc2 Nd5 40. Kb3 Ke6 41. Rb5 Rc7 42. Nb7 f5 43. Nc5+ Bxc5 44. dxc5 f4 45. Ra5 fxe3 46. fxe3 Ne7 47. Ra6+ Kd5 48. Kxb4 Nc6+ 49. Kb5 Na7+ 50. Kb4 Nc6+ 51. Kb3 Kxc5 52. Nd2 Kd5 53. Ra4 Re7 54. Kc2 Re6 55. Kd1 Rh6 56. Nf1 Rg6 57. Ng3 Rh6 58. h3 Rg6 59. Nh5 Rd6 60. Ke2 g6 61. Ng3 Re6 62. Kf2 h5 63. Ne2 Ke5 64. Ke1 h4 65. Rc4 g5 66. Nc3 Kf5 67. Nb5 Ne5 68. Rd4 Nc6 69. Ra4 g4 70. Nc3 gxh3 71. gxh3 Ne5 72. Ke2 Nf3 73. Ra5+ 1/2-1/2

[Event "CAN-op"]
[Site "Edmonton CAN"]
[Date "2005.07.12"]
[Round "5"]
[White "Lafreniere, Adrian"]
[Black "Brown, Grant"]
[Result "1-0"]
[WhiteElo "1703"]
[BlackElo "1980"]
[PlyCount "39"]
[GameId "2160767910901703"]
[EventDate "2005.07.09"]
[EventType "swiss"]
[EventRounds "10"]
[EventCountry "CAN"]
[SourceTitle "CBM 107 Extra"]
[Source "ChessBase"]
[SourceDate "2005.09.01"]
[SourceVersion "1"]
[SourceVersionDate "2005.09.01"]
[SourceQuality "1"]

1. e4 e6 2. d3 d5 3. Nc3 c5 4. exd5 exd5 5. g3 Nf6 6. Bg2 Be7 7. Nge2 d4 8. Ne4 Nc6 9. Nf4 O-O 10. O-O Ne5 11. h3 Rb8 12. Re1 Re8 13. Nxf6+ Bxf6 14. Nd5 b6 15. Bf4 Bb7 16. Nxf6+ Qxf6 17. Qh5 Bxg2 18. Bxe5 Bf3 19. Bxb8 Rxb8 20. Qe5 1-0